01329nam a22003255a 4500003000900000005001700009008004100026020001800067040004300085082001700128100002300145245012900168246004000297246005600337246006900393264008100462300004700543336002600590337002800616338002700644490002700671650003500698651001000733653002200743655002400765700002700789942001200816999001700828952015800845EG-ScBUE20220912102527.0170327s2015 cc a f 000 0 chi d a9787560988429 aEG-ScBUEbengerdacEG-ScBUEdEG-ScBUE04a712bJIA2220 aJian Du, eauthor.10aTo master landscape hand-drawing fast performance in 30 days =b30天必会景观手绘快速表现 /cJian Du, Lüpu Lü.31a30天必会景观手绘快速表现31a30 tian bi hui jing guan shou hui kuai su biao xian31aTo master landscape hand-drawing fast performance in thirty days 1aWuhan :bHuazhong University of Science and Technology Press (Hustp),c2015. a222 pages :bcolor illustrations ;c23 cm. 2rdacontentatextbtxt 2rdamediaaunmediatedbn 2rdacarrieravolumebnc0 aExcellent hand-painted 7aLandscape architecture.2BUEsh 2BUEsh bENGARCcMarch2017 vReading book9342321 aLü, Lüpu,eauthor. 2ddccBB c24546d24518 00102ddc40708IMCaMAINbMAINc2NDd2017-03-27ePurchaseg110.00h2546l1o712 JIAp000045926r2025-07-15 00:00:00s2022-10-17v137.50w2017-03-27yBB